00537nam a2200181Ia 4500003000900000008004100009020001800050040001600068080001700084100002000101245010800121250001200229260003500241300001400276650002400290650001400314650002700328IN-BaIIA211028s9999 xx 000 0 eng d a81-203-2058-1 cIIA Library a537.313bGAY aGayakwad, R. A. 0aOp - Amps and Linear Integrated CircuitscR. A. Gayakwad  a4th ed. aNew DelhibPrentice-Hallc2002 axv, 543p. aIntegrated Circuits aOp - Amps aOperational Amplifiers